Metallica - All Songs on And Justice For All Lightning Round - Statistics

General Stats
  • This quiz has been taken 27 times
  • The average score is 7 of 9
Answer Stats
Answer % Correct
One
100%
And Justice For All
94%
Blackened
89%
Dyers Eve
72%
Harvester of Sorrow
67%
The Shortest Straw
67%
Eye of the Beholder
61%
The Frayed Ends of Sanity
50%
To Live is to Die
50%
No matching quizzes found
Score Distribution
Percent of People with Each Score
Percentile by Number Answered
Your Score History
You have not taken this quiz